000 00682nam a2200205 a 4500
001 8246
003 CO-ViMGA
008 141112s2004 ck r 000 u spa d
020 _a9582002980
040 _aCO-ViMGA
_bspa
_cCO-ViMGA
082 0 4 _a121.3 G15d
100 1 _aGallego - Badillo, Romulo
_947695
245 1 0 _aDiscurso contructivista sobre las ciencias experimentales /
_cGallego - Badillo Romulo
260 _aBogotá,
_cMagisterio,
_c1996
300 _a347 p.
590 _aForma de adquisición : donacion - - Proveedor : Biblioteca Luis Ángel Arango
650 1 4 _aConstructivismo - epistemologia
_947696
650 1 4 _aTeoria del conocimiento
_95747
942 _2ddc
_cBK
999 _c12109
_d12109